[Event "Championnat de France des Jeunes - Junio"]
[Site "AIX LES BAINS"]
[Date "2009.04.20"]
[Round "3.1"]
[White "Guilleux, Fabien"]
[Black "Favarel, Antoine"]
[Result "1/2-1/2"]
[WhiteElo "2313"]
[BlackElo "2204"]
[PlyCount "95"]

1. d4 d5 2. Nf3 Nf6 3. c4 e6 4. Nc3 Nbd7 5. Bg5 c6 6. e3 Qa5 7. Nd2 dxc4 8.
Bxf6 Nxf6 9. Nxc4 Qc7 10. Be2 Be7 11. O-O O-O 12. Bf3 Rd8 13. Qc2 Bd7 14. e4
Be8 15. e5 Nd5 16. Ne4 Nb6 17. Rfd1 Nxc4 18. Qxc4 Rac8 19. b4 b6 20. Rac1 Bf8
21. g3 h6 22. h4 Be7 23. Kg2 Qb8 24. Qc3 Qb7 25. Kh3 Qa6 26. a3 Qb5 27. Rb1 Qa4
28. g4 c5 29. bxc5 Bc6 30. Qe3 Bxe4 31. Bxe4 Bxc5 32. Rbc1 Be7 33. Rxc8 Rxc8
34. Rd3 Rc2 35. g5 hxg5 36. hxg5 g6 37. Qf4 Ra2 38. Rf3 Qe8 39. Qg3 Bf8 40. Kg2
Qd7 41. Rd3 Qe7 42. d5 exd5 43. Bxd5 Rxa3 44. Rxa3 Qxa3 45. Qxa3 Bxa3 46. f4
Kf8 47. Kf3 Be7 48. Bc6 1/2-1/2

[Event "Championnat de France des Jeunes - Junio"]
[Site "AIX LES BAINS"]
[Date "2009.04.20"]
[Round "3.3"]
[White "Bressac, Stephane"]
[Black "Congiu, Mathilde"]
[Result "1/2-1/2"]
[WhiteElo "2142"]
[BlackElo "2212"]
[PlyCount "71"]

1. e4 e5 2. Nf3 Nc6 3. Nc3 Nf6 4. Bb5 Bd6 5. O-O a6 6. Bc4 O-O 7. d3 Be7 8. h3
d6 9. Re1 Na5 10. Bb3 Nxb3 11. axb3 Re8 12. Nh2 h6 13. f4 Bd7 14. Qf3 Kh8 15.
f5 Bc6 16. g4 Nh7 17. Be3 Bg5 18. Bf2 Bh4 19. Qg2 Bxf2+ 20. Qxf2 d5 21. Rad1
Qd6 22. Nf3 Rad8 23. Qg3 Qc5+ 24. Qf2 Qxf2+ 25. Kxf2 dxe4 26. dxe4 Rxd1 27.
Rxd1 Nf6 28. Ke3 g5 29. Rg1 Nd7 30. h4 f6 31. Rd1 Kg7 32. Nd5 Bxd5 33. Rxd5 Re7
34. c4 Kf7 35. Rd1 Nb8 36. Rd5 1/2-1/2

[Event "Championnat de France des Jeunes - Junio"]
[Site "AIX LES BAINS"]
[Date "2009.04.20"]
[Round "3.4"]
[White "Frederic, Clement"]
[Black "Lepigoche, Cyril"]
[Result "1-0"]
[WhiteElo "2208"]
[BlackElo "1973"]
[PlyCount "75"]

1. e4 c5 2. Nf3 d6 3. d4 cxd4 4. Nxd4 g6 5. c4 Bg7 6. Nc3 Nc6 7. Nc2 Nf6 8. Be2
O-O 9. Be3 Qa5 10. f3 Nd7 11. Bd2 Qb6 12. Rb1 a5 13. Nd5 Qd8 14. O-O Nc5 15.
Nce3 b6 16. b3 Ra7 17. a3 e6 18. Nc3 e5 19. Nc2 Ne6 20. Be3 f5 21. Nb5 Rd7 22.
Qd5 Bb7 23. Qxe6+ Kh8 24. c5 d5 25. Nd6 Rf6 26. Qxd5 Rfxd6 27. cxd6 Nb4 28. Qd1
Rxd6 29. Qc1 Na2 30. Qb2 fxe4 31. Qxa2 exf3 32. Bxf3 e4 33. Be2 Qh4 34. g3 Qh3
35. Rbd1 Bd5 36. Bc4 Be5 37. Bxd5 Bxg3 38. Qb2+ 1-0

[Event "Championnat de France des Jeunes - Junio"]
[Site "AIX LES BAINS"]
[Date "2009.04.20"]
[Round "3.5"]
[White "Brethes, Francois"]
[Black "Lagarde, Maxime"]
[Result "1/2-1/2"]
[WhiteElo "2272"]
[BlackElo "2346"]
[PlyCount "65"]

1. d4 Nf6 2. Nf3 g6 3. c3 Bg7 4. Bg5 O-O 5. Nbd2 d6 6. e4 c5 7. dxc5 dxc5 8.
Bc4 Qc7 9. Qe2 h6 10. Bxf6 Bxf6 11. O-O Nc6 12. Qe3 g5 13. Qxc5 b6 14. Qe3 Rb8
15. Rfe1 g4 16. Nd4 Nxd4 17. cxd4 Bg5 18. Qc3 Kh7 19. e5 Bf5 20. Rad1 Kh8 21.
d5 Rbc8 22. d6 Bxd2 23. Qxd2 Qxc4 24. Qxh6+ Kg8 25. Qg5+ Bg6 26. d7 Rcd8 27. e6
Qc2 28. Qxe7 fxe6 29. Qxe6+ Rf7 30. Qe8+ Rf8 31. Qe6+ Rf7 32. Qe8+ Rf8 33. Qe6+
1/2-1/2

[Event "Championnat de France des Jeunes - Junio"]
[Site "AIX LES BAINS"]
[Date "2009.04.20"]
[Round "3.6"]
[White "Valles, Manuel"]
[Black "Le Bail, Clara"]
[Result "0-1"]
[WhiteElo "2125"]
[BlackElo "2048"]
[PlyCount "53"]

1. d4 d5 2. c4 c6 3. Nc3 Nf6 4. cxd5 cxd5 5. Nf3 Nc6 6. Bf4 e6 7. e3 a6 8. Bd3
Be7 9. Ne5 Bd7 10. O-O Rc8 11. Qf3 O-O 12. Qh3 g6 13. Bh6 Re8 14. f4 Na5 15.
Bg5 Nc4 16. Bxf6 Bxf6 17. Nxf7 Kxf7 18. Qxh7+ Kf8 19. Qxg6 Nxe3 20. f5 Bxd4 21.
fxe6+ Nxf1+ 22. Kh1 Bxe6 23. Rxf1+ Ke7 24. Ne2 Be5 25. Qh7+ Kd6 26. Qxb7 Qa5
27. b4 0-1

[Event "Championnat de France des Jeunes - Junio"]
[Site "AIX LES BAINS"]
[Date "2009.04.20"]
[Round "3.7"]
[White "Gras, Delphine"]
[Black "Scalia, Jerome"]
[Result "1-0"]
[WhiteElo "1982"]
[BlackElo "1833"]
[PlyCount "80"]

1. e4 c5 2. Nf3 d6 3. d4 cxd4 4. Nxd4 Nf6 5. Nc3 g6 6. Be2 Bg7 7. O-O O-O 8.
Re1 Nc6 9. Nb3 Be6 10. Bf1 Ne5 11. Bg5 Nc4 12. Nd4 Rc8 13. Nxe6 fxe6 14. Bxc4
Rxc4 15. e5 Ng4 16. exd6 Qxd6 17. Qxd6 exd6 18. Rxe6 Nxf2 19. Be3 Bd4 20. Rf1
Ng4 21. Bxd4 Rxf1+ 22. Kxf1 Rxd4 23. h3 Nh6 24. Ne4 Nf5 25. Kf2 d5 26. Nc3 Rf4+
27. Ke1 Ng3 28. Nxd5 Rf1+ 29. Kd2 Rf2+ 30. Kd3 Rxg2 31. Re7 Nh5 32. Rxb7 Rg3+
33. Ne3 Rxh3 34. c4 Nf4+ 35. Ke4 Ne6 36. Rxa7 h5 37. b4 h4 38. Ng4 Rc3 39. Ke5
Ng5 40. Kf6 Nh7+ 1-0

[Event "Championnat de France des Jeunes - Junio"]
[Site "AIX LES BAINS"]
[Date "2009.04.20"]
[Round "3.8"]
[White "Brih, Touatia"]
[Black "Flores, Francisco"]
[Result "1-0"]
[WhiteElo "1960"]
[BlackElo "1810"]
[PlyCount "103"]

1. Nf3 Nf6 2. d4 e6 3. g3 b6 4. Bg2 Bb7 5. c4 c5 6. O-O cxd4 7. Qxd4 Nc6 8. Qd1
Be7 9. Nc3 O-O 10. Bf4 a6 11. Bd6 Ne8 12. Bxe7 Qxe7 13. Qb3 Qb4 14. Ne5 Qxb3
15. axb3 Nf6 16. Rfd1 Rfd8 17. Rd6 Rac8 18. Rad1 Nxe5 19. Bxb7 Rb8 20. Bxa6 Ne8
21. R6d2 Kf8 22. f4 Nc6 23. Rxd7 Rxd7 24. Rxd7 Nb4 25. Bb5 Nf6 26. Rd2 Ra8 27.
Ba4 Ng4 28. h3 Ne3 29. Kf2 Nec2 30. Nb5 Ke7 31. Na3 Rd8 32. Nxc2 Rxd2 33. Nxb4
Rxb2 34. Nd3 Rb1 35. c5 bxc5 36. Nxc5 Kd6 37. Nd3 Kd5 38. b4 Kc4 39. Be8 f6 40.
b5 Rxb5 41. Bxb5+ Kxb5 42. Kf3 Kc6 43. e4 Kd6 44. g4 g5 45. fxg5 fxg5 46. Ke3
e5 47. Ne1 Ke6 48. Nf3 h6 49. Kd3 Kd6 50. Kc4 Ke6 51. Kc5 Kf6 52. Kd6 1-0

[Event "Championnat de France des Jeunes - Junio"]
[Site "AIX LES BAINS"]
[Date "2009.04.20"]
[Round "3.9"]
[White "Wojtkowski, Frederic"]
[Black "Assedo, Johaquim"]
[Result "0-1"]
[WhiteElo "1923"]
[BlackElo "1799"]
[Annotator "Rivier,Sylvain"]
[PlyCount "83"]

1. d4 d5 2. Nf3 Nf6 3. Bf4 c6 4. c3 Bg4 5. Qb3 Qb6 6. Qxb6 axb6 7. h3 Bf5 8.
Nbd2 h6 9. e3 Nbd7 10. a3 e6 11. Be2 Be7 12. O-O O-O 13. Ne5 Nxe5 14. Bxe5 Nd7
15. Bh2 b5 16. f3 Nf6 17. g4 Bg6 18. Bg3 Ra7 19. h4 Rfa8 20. Rae1 b6 21. Kg2
Rc8 22. Rh1 Ra5 23. h5 Bh7 24. Bf4 Nd7 25. Ref1 f6 26. Bg3 e5 27. f4 Re8 28. f5
Kf8 29. Ra1 Bg8 30. Nf3 e4 31. Nd2 Rc8 32. Ra2 Bf7 33. Rha1 Be8 34. b4 Ra7 35.
Bd1 c5 36. Bb3 Bf7 37. Nf1 Ke8 38. Kf2 Kd8 39. Ke2 c4 40. Bd1 Nf8 41. Nd2 Nh7
42. Bf2 {suite illisible} 0-1

[Event "Championnat de France des Jeunes - Junio"]
[Site "AIX LES BAINS"]
[Date "2009.04.20"]
[Round "3.10"]
[White "Roubert, Emile"]
[Black "Flaquet, Sebastien"]
[Result "1-0"]
[WhiteElo "1918"]
[BlackElo "1707"]
[PlyCount "61"]

1. e4 c5 2. Nf3 Nc6 3. c3 d5 4. exd5 Qxd5 5. d4 cxd4 6. cxd4 e6 7. Nc3 Bb4 8.
Be2 Nf6 9. O-O Qd7 10. a3 Be7 11. Bf4 Nd5 12. Bg3 a6 13. Ne4 f5 14. Nc5 Qd8 15.
Be5 O-O 16. Rc1 Bf6 17. Nd3 g5 18. Bxf6 Qxf6 19. Nde5 Nxe5 20. Nxe5 g4 21. Qd2
h5 22. f3 Qg7 23. fxg4 hxg4 24. Bc4 Ne7 25. Bb3 Ng6 26. Nxg6 Qxg6 27. Rc7 b5
28. Rfc1 Rb8 29. Qe2 Kh8 30. Qe5+ Qf6 31. Qxf6+ 1-0

[Event "Championnat de France des Jeunes - Junio"]
[Site "AIX LES BAINS"]
[Date "2009.04.20"]
[Round "3.11"]
[White "Gillet, Noel"]
[Black "Pouchon, Mickael"]
[Result "0-1"]
[WhiteElo "1690"]
[BlackElo "1902"]
[PlyCount "84"]

1. d4 f5 2. c4 Nf6 3. Nc3 e6 4. Nf3 Be7 5. e3 d6 6. Be2 O-O 7. O-O Qe8 8. b4 e5
9. dxe5 dxe5 10. c5 e4 11. Bc4+ Kh8 12. Nd4 a5 13. Ncb5 Na6 14. a3 Bd7 15. Nc3
axb4 16. axb4 Nxb4 17. Rxa8 Qxa8 18. Be6 Qc8 19. Bxd7 Qxd7 20. Qb3 Nbd5 21.
Nxd5 Qxd5 22. Qxd5 Nxd5 23. c6 bxc6 24. Nxc6 Bd6 25. Bb2 Kg8 26. Be5 Bxe5 27.
Nxe5 Re8 28. Nc6 g6 29. Rc1 Kf7 30. Rc5 Ne7 31. Nd4 Rc8 32. Nb5 Ra8 33. h4 c6
34. Nd4 Ra6 35. Kh2 Ke8 36. Ne6 Ra2 37. Nd4 Kd7 38. Kg3 Kd6 39. Rc1 Rb2 40. Rd1
Nd5 41. h5 c5 42. hxg6 hxg6 0-1

[Event "Championnat de France des Jeunes - Junio"]
[Site "AIX LES BAINS"]
[Date "2009.04.20"]
[Round "3.12"]
[White "Attarian, Florent"]
[Black "Saint-Gilles, Damien"]
[Result "1/2-1/2"]
[WhiteElo "1894"]
[BlackElo "1669"]
[PlyCount "82"]

1. d4 Nf6 2. Nf3 e6 3. e3 b6 4. Bd3 Bb7 5. Nbd2 d5 6. Ne5 Bd6 7. f4 O-O 8. Qf3
Nbd7 9. O-O c5 10. c3 Qc8 11. Rf2 cxd4 12. exd4 a6 13. g4 Ne4 14. Nxe4 dxe4 15.
Bxe4 Bxe4 16. Qxe4 Nxe5 17. dxe5 Be7 18. Be3 Rb8 19. Rd1 f6 20. exf6 Rxf6 21.
f5 Qe8 22. fxe6 Qg6 23. Qxg6 Rxg6 24. h3 Rxe6 25. Bd4 Rd8 26. Rdf1 Rf8 27.
Rxf8+ Bxf8 28. Rf3 b5 29. Re3 Rc6 30. a3 g6 31. g5 h6 32. h4 hxg5 33. hxg5 Kf7
34. Rf3+ Ke8 35. Kf2 Be7 36. Re3 Kd7 37. Rg3 Re6 38. Be3 Kc6 39. Rg4 Re5 40. a4
Rf5+ 41. Ke2 Re5 1/2-1/2

[Event "Championnat de France des Jeunes - Junio"]
[Site "AIX LES BAINS"]
[Date "2009.04.20"]
[Round "3.13"]
[White "Doziere, Nicolas"]
[Black "Grimmer, Jonathan"]
[Result "0-1"]
[WhiteElo "1290"]
[BlackElo "1875"]
[PlyCount "114"]

1. e4 Nf6 2. Nc3 d5 3. d3 dxe4 4. dxe4 Qxd1+ 5. Nxd1 Nxe4 6. Nf3 Bf5 7. Ne3 e6
8. Bd3 Bb4+ 9. Bd2 Nxd2 10. Nxd2 Bxd3 11. cxd3 Nc6 12. Nec4 O-O-O 13. O-O Bxd2
14. Nxd2 Rxd3 15. Ne4 h6 16. f4 Rhd8 17. g4 Re3 18. Rfe1 Rxe1+ 19. Rxe1 Rd5 20.
h4 h5 21. gxh5 Rxh5 22. Ng5 Rxh4 23. Nxf7 Rxf4 24. Ne5 Nxe5 25. Rxe5 Kd7 26.
Rg5 Rc4 27. Rxg7+ Kd6 28. Rg2 e5 29. Re2 Kd5 30. Kf2 b5 31. b3 Rd4 32. Rc2 c5
33. Ke3 a5 34. a3 e4 35. Rc3 b4 36. axb4 cxb4 37. Rc8 Rd3+ 38. Kf4 Rf3+ 39. Kg4
Rxb3 40. Ra8 Ra3 41. Kf4 e3 42. Kf3 Kc4 43. Rc8+ Kd3 44. Rd8+ Kc2 45. Ke2 Rc3
46. Ra8 b3 47. Rxa5 b2 48. Ra2 Kc1 49. Rxb2 Kxb2 50. Kd1 Rc2 51. Ke1 Kc3 52.
Kf1 Kd3 53. Kg1 Ke4 54. Kf1 Kf3 55. Kg1 Ra2 56. Kh1 Kg3 57. Kg1 Ra1# 0-1

[Event "Championnat de France des Jeunes - Junio"]
[Site "AIX LES BAINS"]
[Date "2009.04.20"]
[Round "3.14"]
[White "Figier, Anthony"]
[Black "Le Berre, Tennessee"]
[Result "0-1"]
[WhiteElo "1630"]
[BlackElo "1834"]
[PlyCount "58"]

1. e4 c5 2. Nf3 d6 3. d4 cxd4 4. Nxd4 Nf6 5. Nc3 g6 6. Bg5 Bg7 7. Qd2 O-O 8.
Be2 Nc6 9. Nb3 Bd7 10. h4 h5 11. O-O-O Rc8 12. Kb1 a6 13. a4 Ne5 14. Rhe1 Be6
15. Nd4 Bc4 16. f4 Bxe2 17. Qxe2 Nc4 18. f5 Qa5 19. fxg6 fxg6 20. Nb3 Qb4 21.
Qd3 b5 22. axb5 a5 23. Bxf6 Bxf6 24. Nd5 Qxb5 25. e5 Bxe5 26. Qxg6+ Bg7 27.
Nxe7+ Kh8 28. Rd5 Nd2+ 29. Nxd2 Qxb2# 0-1

[Event "Championnat de France des Jeunes - Junio"]
[Site "AIX LES BAINS"]
[Date "2009.04.20"]
[Round "3.15"]
[White "Esposito, Julie"]
[Black "Kopp, Tristan"]
[Result "1-0"]
[WhiteElo "1840"]
[BlackElo "1410"]
[PlyCount "65"]

1. d4 d5 2. Bf4 Nc6 3. e3 Bd7 4. Nd2 e6 5. Ngf3 Be7 6. a3 Nf6 7. Bd3 a6 8. O-O
h6 9. Ne5 O-O 10. Ndf3 Nh5 11. Bg3 Bd6 12. Bh4 Qc8 13. c3 Bxe5 14. Nxe5 Nxe5
15. dxe5 c6 16. Qxh5 Qc7 17. Bg3 a5 18. Bf4 c5 19. g4 b6 20. g5 g6 21. Qxh6
Rad8 22. h4 Be8 23. h5 d4 24. hxg6 fxg6 25. Bxg6 Bxg6 26. Qxg6+ Kh8 27. Kg2 Rf7
28. Rh1+ Rh7 29. Rxh7+ Qxh7 30. Rh1 Rd7 31. Qe8+ Kg7 32. Qxd7+ Kg6 33. Qxh7#
1-0

[Event "Championnat de France des Jeunes - Junio"]
[Site "AIX LES BAINS"]
[Date "2009.04.20"]
[Round "3.16"]
[White "Dolz, Elisabeth"]
[Black "Perrusset, Barbara"]
[Result "0-1"]
[WhiteElo "1718"]
[BlackElo "1817"]
[PlyCount "96"]

1. e4 c5 2. Nc3 e6 3. g3 d5 4. d3 Nc6 5. Bg2 Nf6 6. f4 dxe4 7. dxe4 Qxd1+ 8.
Nxd1 Be7 9. Nf2 Nd4 10. Kd1 O-O 11. c3 Nc6 12. Nf3 Rd8+ 13. Ke2 b6 14. Be3 Ba6+
15. Ke1 Rac8 16. Rd1 Na5 17. Rxd8+ Rxd8 18. Nd2 Ne8 19. Bf1 Bb7 20. Bd3 Nd6 21.
b4 cxb4 22. cxb4 Nc6 23. a3 Nc8 24. Ke2 Nd4+ 25. Bxd4 Rxd4 26. Nb3 Rd8 27. Rc1
Bd6 28. e5 Bb8 29. Ne4 Ne7 30. b5 Nd5 31. Nc3 f6 32. Nd4 Nxc3+ 33. Rxc3 Rxd4
34. exf6 gxf6 35. Ke3 Rd8 36. Bc4 Kf7 37. f5 Bd5 38. fxe6+ Bxe6 39. Bxe6+ Kxe6
40. Rc6+ Kf5 41. g4+ Kxg4 42. Rxf6 Bxh2 43. Rf7 Bg1+ 44. Ke2 Bc5 45. Rxh7 Bxa3
46. Rxa7 Bc5 47. Rg7+ Kf5 48. Rg3 Rd4 0-1

[Event "Championnat de France des Jeunes - Junio"]
[Site "AIX LES BAINS"]
[Date "2009.04.20"]
[Round "3.17"]
[White "Dupont, Ludovic"]
[Black "Duveau, Erwan"]
[Result "0-1"]
[WhiteElo "1350"]
[BlackElo "1784"]
[PlyCount "84"]

1. e4 e6 2. d4 d5 3. e5 c5 4. c3 Nc6 5. Nf3 Nge7 6. Be3 Nf5 7. Bd3 c4 8. Bc2
Qb6 9. b3 cxb3 10. axb3 a6 11. Nbd2 Qc7 12. b4 b5 13. g4 Nfe7 14. O-O Bb7 15.
Qe2 Rc8 16. Nb3 Ng6 17. Rfe1 Be7 18. Bg5 h5 19. Bxe7 Ncxe7 20. Nc5 hxg4 21. Ng5
Nf5 22. Qxg4 Rh4 23. Qf3 Ke7 24. Bxf5 Rf4 25. Qh5 Rxf5 26. Ncxe6 Rh8 27. Qxh8
Rxg5+ 28. Nxg5 Nxh8 29. e6 f6 30. Nh7 Ng6 31. Re3 Qd8 32. Rae1 Qh8 33. Rh3 Qg8
34. Nxf6 gxf6 35. Rg3 Qh7 36. Kh1 Nf4 37. Reg1 Nxe6 38. f4 Qe4+ 39. R1g2 Nxf4
40. Rg4 f5 41. R4g3 Nxg2 42. Rxg2 Kf6 0-1

[Event "Championnat de France des Jeunes - Junio"]
[Site "AIX LES BAINS"]
[Date "2009.04.20"]
[Round "3.18"]
[White "Scherrer, Gilles"]
[Black "Dabilougou, Quentin"]
[Result "1-0"]
[WhiteElo "1768"]
[BlackElo "1010"]
[PlyCount "55"]

1. c4 c5 2. Nc3 e6 3. e4 Nc6 4. g3 e5 5. Bg2 Nf6 6. Nge2 Be7 7. d3 d6 8. O-O
O-O 9. f4 exf4 10. Nxf4 Bg4 11. Qe1 Ne5 12. Be3 Qa5 13. h3 Bd7 14. Ncd5 Qd8 15.
Nxf6+ Bxf6 16. Qd2 Re8 17. Nd5 Rc8 18. Nxf6+ gxf6 19. Rf2 Re6 20. Bh6 b6 21.
Raf1 Qe7 22. Rxf6 Rxf6 23. Qg5+ Rg6 24. Qxe7 Re8 25. Qh4 Nxd3 26. Rf6 Rd8 27.
Rxg6+ Kh8 28. Qf6# 1-0

[Event "Championnat de France des Jeunes - Cadet"]
[Site "AIX LES BAINS"]
[Date "2009.04.22"]
[Round "3.1"]
[White "Delivre, Raphael"]
[Black "Demuth, Adrien"]
[Result "0-1"]
[WhiteElo "2067"]
[BlackElo "2330"]
[PlyCount "98"]

1. e4 c5 2. Nf3 Nc6 3. d4 cxd4 4. Nxd4 Nf6 5. Nc3 d6 6. Be2 e5 7. Nf3 h6 8. h3
Be7 9. O-O O-O 10. Re1 Be6 11. Bf1 Rc8 12. Nd5 Bxd5 13. exd5 Nb4 14. c4 a5 15.
Bd2 Na6 16. a3 Nd7 17. b4 f5 18. Qb3 Bf6 19. Bc3 Qb6 20. Rab1 axb4 21. axb4 e4
22. Nd2 Bh4 23. c5 dxc5 24. d6+ c4 25. Nxc4 Qxf2+ 26. Kh1 Kh7 27. Ne5 Nxe5 28.
Bxe5 Nb8 29. Qe6 Rce8 30. Qd5 Nc6 31. Ba1 Bf6 32. d7 Rd8 33. b5 Nb8 34. Bxf6
Rxf6 35. Qxb7 Qb6 36. Qxb6 Rxb6 37. g4 g6 38. h4 Rxd7 39. h5 fxg4 40. hxg6+
Kxg6 41. Rxe4 h5 42. Rbe1 Rf6 43. Re8 Rb7 44. Rg8+ Kh6 45. Rh8+ Kg5 46. Re5+
Kf4 47. Rexh5 Kg3 48. Kg1 Rbf7 49. Bc4 Re7 0-1

[Event "Championnat de France des Jeunes - Cadet"]
[Site "AIX LES BAINS"]
[Date "2009.04.20"]
[Round "3.2"]
[White "Millon, Valentin"]
[Black "Li, Frederic"]
[Result "1/2-1/2"]
[WhiteElo "2062"]
[BlackElo "2240"]
[PlyCount "103"]

1. e4 e5 2. Nf3 Nc6 3. Bb5 a6 4. Ba4 Nf6 5. O-O b5 6. Bb3 Bc5 7. c3 d6 8. d3
O-O 9. Re1 Bb6 10. a4 Rb8 11. axb5 axb5 12. Na3 Be6 13. Bxe6 fxe6 14. Nxb5 Qc8
15. d4 exd4 16. Nbxd4 Nxd4 17. cxd4 Nh5 18. Ra3 Nf4 19. g3 Ng6 20. Kg2 e5 21.
Be3 Kh8 22. Re2 Qe6 23. Ng5 Qe7 24. Rd2 exd4 25. Qh5 h6 26. Qxg6 hxg5 27. Bxg5
Qe8 28. Qxe8 Rfxe8 29. f3 Re5 30. h4 Rb5 31. Kh3 Bc5 32. Ra2 Rb3 33. Kg4 d3 34.
h5 Kh7 35. h6 Bd4 36. hxg7 Kxg7 37. Ra5 Bc5 38. Ra1 Rh8 39. Kf5 Bd4 40. Rad1
Rb5+ 41. Kg4 Bxb2 42. Rxd3 Bf6 43. Bxf6+ Kxf6 44. Rc1 Rg5+ 45. Kf4 Rh7 46. Rd5
Rg8 47. e5+ Ke6 48. Rcd1 Rf7+ 49. Ke4 Rxg3 50. exd6 Rgxf3 51. Re5+ Kd7 52.
dxc7+ 1/2-1/2

[Event "Championnat de France des Jeunes - Cadet"]
[Site "AIX LES BAINS"]
[Date "2009.04.20"]
[Round "3.3"]
[White "Blum, Nicolas"]
[Black "Hutois, Mickael"]
[Result "1-0"]
[WhiteElo "2234"]
[BlackElo "2021"]
[PlyCount "57"]

1. e4 e5 2. Bc4 Nf6 3. d3 Be7 4. Nc3 O-O 5. f4 d6 6. Nf3 Nc6 7. O-O exf4 8.
Bxf4 Be6 9. Bb3 Bxb3 10. axb3 Ng4 11. d4 f5 12. d5 fxe4 13. dxc6 Rxf4 14. cxb7
Rb8 15. Qd2 Rf7 16. Nxe4 d5 17. Neg5 Bc5+ 18. Kh1 Rf6 19. Rae1 Qd6 20. h3 Nh6
21. Nd4 Bxd4 22. Qxd4 Nf5 23. Qxa7 Ng3+ 24. Kg1 Rxf1+ 25. Rxf1 Ne2+ 26. Kf2
Qg3+ 27. Kxe2 Re8+ 28. Kd1 Qxg2 29. Qf2 1-0

[Event "Championnat de France des Jeunes - Cadet"]
[Site "AIX LES BAINS"]
[Date "2009.04.20"]
[Round "3.4"]
[White "Paci, Romain"]
[Black "Ollier, Pablo"]
[Result "0-1"]
[WhiteElo "2017"]
[BlackElo "2200"]
[PlyCount "62"]

1. e4 e6 2. d4 d5 3. Nd2 Nf6 4. e5 Nfd7 5. f4 c5 6. Ndf3 Nc6 7. c3 cxd4 8. Nxd4
Qb6 9. Ngf3 Be7 10. Bd3 g5 11. Nxc6 bxc6 12. fxg5 Bf8 13. Qc2 Ba6 14. Bxa6 Qxa6
15. Qe2 Qb6 16. Be3 Bc5 17. Bd4 Rb8 18. Rb1 Qa5 19. O-O Qxa2 20. Bxc5 Nxc5 21.
Nd4 O-O 22. Nxc6 Rb7 23. Qf3 Ne4 24. Nd4 Nd2 25. Qf6 Nxf1 26. Rxf1 Rxb2 27. Qf3
Rb1 28. h4 Rxf1+ 29. Qxf1 Rb8 30. Kh2 Qb1 31. Qf3 Qe4 0-1

[Event "Championnat de France des Jeunes - Cadet"]
[Site "AIX LES BAINS"]
[Date "2009.04.20"]
[Round "3.5"]
[White "Villegas, Pierre"]
[Black "Lepot, Simon"]
[Result "1-0"]
[WhiteElo "2195"]
[BlackElo "2000"]
[PlyCount "81"]

1. d4 d5 2. c4 e6 3. Nc3 Nf6 4. cxd5 exd5 5. Bg5 Be7 6. e3 O-O 7. Bd3 Nbd7 8.
Nge2 Re8 9. O-O Nf8 10. b4 Bg4 11. Qb3 c6 12. b5 Ne6 13. Bxf6 Bxf6 14. bxc6
bxc6 15. Qc2 c5 16. Bxh7+ Kh8 17. Bf5 Bxf5 18. Qxf5 g6 19. Qxd5 cxd4 20. exd4
Nxd4 21. Nxd4 Bxd4 22. Qxd8 Raxd8 23. Rac1 Kg7 24. g3 Re7 25. Rfd1 Red7 26. Kg2
f5 27. h4 Kf6 28. Ne2 Bb6 29. Rxd7 Rxd7 30. Rc2 Rd6 31. Nf4 g5 32. hxg5+ Kxg5
33. a4 Kf6 34. Kf3 Ke5 35. Ke2 Rd4 36. a5 Bd8 37. Rc6 Rd6 38. Nd3+ Ke6 39. Nc5+
Kd5 40. Rxd6+ Kxd6 41. Nb7+ 1-0

[Event "Championnat de France des Jeunes - Cadet"]
[Site "AIX LES BAINS"]
[Date "2009.04.20"]
[Round "3.6"]
[White "Muratet, Lucas"]
[Black "Graca, Robert"]
[Result "0-1"]
[WhiteElo "1994"]
[BlackElo "2170"]
[PlyCount "82"]

1. e4 c5 2. Nf3 Nc6 3. d4 cxd4 4. Nxd4 g6 5. Be2 Bg7 6. Nb3 Nf6 7. Nc3 O-O 8.
O-O d6 9. Bg5 Na5 10. Nxa5 Qxa5 11. Bxf6 Bxf6 12. Nd5 Bxb2 13. Nxe7+ Kg7 14.
Rb1 Qxa2 15. Qxd6 Be6 16. Qb4 Bf6 17. Bd3 Rfe8 18. Nd5 Bxd5 19. exd5 Qxd5 20.
Bc4 Qe4 21. Qb3 Re7 22. Bd5 Qf5 23. c4 Rc8 24. Rfe1 Rxe1+ 25. Rxe1 b6 26. Qa3
Bd4 27. Qa2 Rc7 28. g3 a5 29. Re2 h5 30. Qc2 Qxc2 31. Rxc2 a4 32. Ra2 Ra7 33.
Kf1 a3 34. Ke2 Bb2 35. Kd3 Re7 36. Kd2 Kf8 37. Bf3 Ke8 38. Bd5 Kd7 39. Bf3 Kd6
40. Bd5 Kc5 41. Kd1 b5 0-1

[Event "Championnat de France des Jeunes - Cadet"]
[Site "AIX LES BAINS"]
[Date "2009.04.20"]
[Round "3.7"]
[White "Lechelle, William"]
[Black "Hoareau, William"]
[Result "0-1"]
[WhiteElo "1991"]
[BlackElo "2138"]
[PlyCount "138"]

1. c4 c5 2. Nc3 Nc6 3. e3 g6 4. d4 cxd4 5. exd4 d6 6. d5 Ne5 7. Be3 Bg7 8. Bd4
Nf6 9. Be2 O-O 10. Nf3 Nxf3+ 11. Bxf3 a5 12. b3 Nd7 13. Bxg7 Kxg7 14. Qd4+ Kg8
15. O-O Nc5 16. Rfe1 f5 17. h4 Rf7 18. Rad1 Bd7 19. Ne2 Qf8 20. Nf4 Qg7 21. Ne6
Qxd4 22. Nxd4 Kg7 23. Rd2 Rc8 24. Bd1 Kf8 25. Bc2 Na6 26. Rde2 b5 27. a3 bxc4
28. bxc4 Rxc4 29. Ne6+ Bxe6 30. dxe6 Rf6 31. Bd3 Rc6 32. Bxa6 Rxa6 33. f4 d5
34. Re5 Rd6 35. Kf2 a4 36. Rd1 Rfxe6 37. Rxe6 Rxe6 38. Rxd5 Re4 39. Kf3 Rc4 40.
Ke3 Re4+ 41. Kf3 h5 42. Rc5 Ke8 43. Rc6 Kf7 44. Rc5 Kf6 45. Rc8 e5 46. Rc6+ Kf7
47. fxe5 Rxh4 48. Rf6+ Kg7 49. Ra6 Re4 50. Ra5 h4 51. Ra6 Kh6 52. Ra7 g5 53.
Ra6+ Kh5 54. Ra8 g4+ 55. Kf2 Kg5 56. Kf1 f4 57. Rg8+ Kf5 58. Rh8 Kxe5 59. Rxh4
g3 60. Rh8 Re3 61. Re8+ Kd4 62. Rf8 Ke4 63. Re8+ Kd3 64. Rd8+ Kc4 65. Rf8 Kb3
66. Rxf4 Kxa3 67. Rf8 Kb2 68. Rb8+ Rb3 69. Ra8 a3 0-1

[Event "Championnat de France des Jeunes - Cadet"]
[Site "AIX LES BAINS"]
[Date "2009.04.20"]
[Round "3.8"]
[White "Allorant, Adrien"]
[Black "Banuls, Adrien"]
[Result "0-1"]
[WhiteElo "2076"]
[BlackElo "1902"]
[PlyCount "104"]

1. e4 c5 2. Nf3 e6 3. d4 cxd4 4. Nxd4 Nf6 5. Nc3 d6 6. Be2 a6 7. O-O Be7 8. f4
Qc7 9. Be3 Nc6 10. a4 b6 11. Nxc6 Qxc6 12. Bf3 e5 13. fxe5 dxe5 14. Nd5 Bc5 15.
Nxf6+ gxf6 16. Bxc5 Qxc5+ 17. Kh1 Bb7 18. Bg4 Rd8 19. Qf3 Rd6 20. Rad1 h5 21.
Rxd6 Qxd6 22. Bxh5 Rh6 23. Rd1 Qe6 24. Bg4 Qc4 25. Qa3 Qc5 26. Qd3 Kf8 27. Bf5
Qb4 28. Qd6+ Qxd6 29. Rxd6 Rh4 30. g4 Bxe4+ 31. Bxe4 Rxg4 32. Bd3 e4 33. Bxa6
f5 34. Bb7 e3 35. Bf3 Rxa4 36. Rxb6 Re4 37. b4 Rc4 38. Kg1 Rxc2 39. Rb5 Rb2 40.
h4 Kg7 41. h5 Kf6 42. h6 Kg6 43. Rb6+ f6 44. b5 Kxh6 45. Rxf6+ Kg5 46. Rb6 Kf4
47. Bb7 Rb1+ 48. Kg2 e2 49. Re6 e1=Q 50. Rxe1 Rxe1 51. Kf2 Rb1 52. Bc6 Rb2+ 0-1

[Event "Championnat de France des Jeunes - Cadet"]
[Site "AIX LES BAINS"]
[Date "2009.04.20"]
[Round "3.9"]
[White "Massoni, Michael"]
[Black "Lambert, Romain"]
[Result "1-0"]
[WhiteElo "2272"]
[BlackElo "2053"]
[PlyCount "63"]

1. e4 c5 2. Nf3 Nc6 3. c3 Nf6 4. e5 Nd5 5. d4 cxd4 6. cxd4 d6 7. exd6 Qxd6 8.
Nc3 e6 9. Bd3 Be7 10. O-O O-O 11. a3 Nxc3 12. bxc3 b6 13. Qe2 Bb7 14. Qe4 g6
15. Bh6 Rfd8 16. Rfe1 Bf6 17. Ng5 Qe7 18. Qg4 Nxd4 19. cxd4 Rxd4 20. Be4 Rxe4
21. Nxe4 Bxa1 22. Rxa1 f5 23. Qg5 Qxg5 24. Nxg5 Bd5 25. Rc1 e5 26. Rc7 a5 27.
Rg7+ Kh8 28. Rxh7+ Kg8 29. Rg7+ Kh8 30. Rd7 Rc8 31. h3 Bg8 32. Bg7# 1-0

[Event "Championnat de France des Jeunes - Cadet"]
[Site "AIX LES BAINS"]
[Date "2009.04.20"]
[Round "3.10"]
[White "Delboe, Charles"]
[Black "Sochacki, Wojtek"]
[Result "1/2-1/2"]
[WhiteElo "1894"]
[BlackElo "2212"]
[PlyCount "52"]

1. e4 c5 2. c4 Nc6 3. Nc3 g6 4. g3 Bg7 5. Bg2 d6 6. Nge2 e6 7. O-O Nge7 8. d3
O-O 9. Be3 h6 10. Qd2 Kh7 11. f4 Nd4 12. g4 f5 13. g5 Nxe2+ 14. Nxe2 hxg5 15.
fxg5 Bd7 16. h4 e5 17. exf5 Nxf5 18. Bxb7 Rb8 19. Be4 Nxh4 20. Rxf8 Bxf8 21.
Ng3 Be7 22. Bd5 Qh8 23. Rf1 Nf5 24. Bxc5 Kg7 25. Bxa7 Rf8 26. Nxf5+ gxf5
1/2-1/2